Les chansons de OBOY - Mort subite - Statistiques

Statistiques générales
  • Ce quiz a été pris 184 fois
  • Le résultat moyen est 6 sur 10
Answers on the Grid
Answers color-coded by a green-red scale on the quiz's grid according to % correct below.
Avec toi
Come over
Cabeza
Head
TDB
TBD
TDP
Nuit
Attentat
Mélodie
Mélo
Cruel
Alpha
Alfa
Joddy Boy
 
Statistiques - réponses
Réponse % Correct
Cabeza
79%
Avec toi
78%
TDB
73%
Nuit
68%
Attentat
63%
Cruel
59%
Alpha
55%
Mélodie
55%
Come over
38%
Joddy Boy
38%
Aucun quiz correspondant
Distribution des résultats
% des personnes avec chaque résultat
Percentile par nombre de réponses
Votre historique - résultats
Vous n’avez pas pris ce quiz